Countries With More than 200 Million People - Statistics

General Stats
  • This quiz has been taken 138,500 times
    138,450 since last reset
  • The average score is 6 of 7
Answer Stats
Date Population Country % Correct
1761 1423 mil China
100%
1855 1466 mil India
99%
1967 351 mil United States
99%
2012 213 mil Brazil
85%
1997 286 mil Indonesia
80%
2019 239 mil Nigeria
72%
2018 256 mil Pakistan
72%
No matching quizzes found
Score Distribution
Percent of People with Each Score
Percentile by Number Answered
Your Score History
You have not taken this quiz since the last reset